000 00835nam a22001937i 4500
999 _c22989
_d22989
003 AR-CdUCM
008 240814b20152015 pe||||| |||| 00| 0 spa d
040 _aMUNICIPALIDAD PROVINCIAL DEL CUSCO
_cBIBLIOTECA MUNICIPAL DEL CUSCO
082 _aES / 398.20985 / G96M / Vol. II
_bG96M
100 _aGutiérrez Ccoscco, Leylys de la Rosa.
_950192
245 _aMitos y leyendas de criaturas fantásticas del Perú Vol. II :
_bUna selección de los seres mágicos que ha conmovido nuestro miedo a través de la historia /
260 _aCusco :
_c2015.
_b Asociación de guías profesionales del Perú,
300 _a36 páginas. :
_c15 cm.
505 _aChununa -- Qeqe -- Lamun -- Yanañawi -- Waraki --Supay --Yara -- Pelaqalas
650 _aMitos
_912603
650 _aLeyendas
_92226
942 _2ddc
_cLIBROS
945 _apbj
_d2024-08-14